000 00242nam a2200097Ia 4500
001 644928
005 20250826153614.0
008 250824s9999 xx 000 0 und d
245 0 _aEkonomide Kurtuluş Savaşımı
_cHilal Akgül
260 _bALTIN
999 _c644928
_d644928